000 00897nam a2200241Ia 4500
003 OSt
005 20220923224926.0
006 a|||||r|||| 00| 0
007 ta
008 220922b |||||||| |||| 00| 0 hin d
024 _a253,754
037 _cTextual
040 _aARTS
_cARTS
_bhin
041 _2hin
_ahin
082 _aO0aY, 152P4
100 _aअग्रवाल, पुरूषोत्तम
_9156285
245 0 _aनिज ब्रह्म विचार
_b धर्म समाज और धर्मेतर अध्यात्म
246 _aNij brahma vichāra: dharma samāj aur dharmetar adhyātma
260 _aनयी दिल्ली
_b राजकमल प्रकाशन
_c2004
300 _a131पृ.
_ccm.
942 _hO0aY, 152P4
_cTEXL
_2CC
999 _c374720
_d374720